Baní : (Registro nro. 13593)

Detalles MARC
000 -LIDER
fixed length control field 00986nam a2200277 a 4500
001 - NÚMERO DE CONTROL
Identificador de número de control
003 - IDENTIFICACDOR DE NÚMERO DE CONTROL
control field DO-SdBNP
005 - DATE AND TIME OF LATEST TRANSACTION
control field 20210721132917.0
008 - ELEMENTOS DE LONGITUD FIJA
fixed length control field 090703s1992 dr c 001 0 spa d
040 ## - FUENTE DE CATALOGACIÓN
Agencia que crea de manera original el registro BPMSU
Idioma de catalogación spa
Agencia que realiza la transcripción BPMSU
049 ## - LOCAL HOLDINGS (OCLC)
Holding library BNPD
082 ## - NÚMERO DE CLASIFICACIÓN DECIMAL DE DEWEY
Classification number 972.9373
Item number C183b 1992
Edition number 22
100 1# - ASIENTO PRINCIPAL -- NOMBRE PERSONAL
Nombre personal Camilo González, Antonio,
Fechas asociadas con el nombre 1938-
245 10 - MENCIÓN DE TITULO
Título Baní :
Subtítulo hombres y tiempos /
Mención de responsabilidad Antonio Camilo González.
260 ## - PUBLICACIÓN, DISTRIBUCIÓN, ETC. (PIE DE IMPRENTA)
Lugar de publicación, distribución, etc Santo Domingo :
Nombre del editor, distribuidor, etc. Amigo del Hogar,
Fecha de publicación, distribución, etc 1992.
300 ## - DESCRIPCIÓN FÍSICA
Extensión 622 p. :
Otros detalles físicos ils., retr. ;
Dimensiones 24 cm.
490 0# - MENCIÓN DE SERIES
Mención de serie Quinto Centenario.
-- Estudios
Volume/sequential designation 8
500 ## - NOTA GENERAL
Nota general Incluye datos biogr[aficos del autor en la solapa de la cubierta
590 ## - NOTA LOCAL
Enlace Inventariado, 2021/VM
650 #4 - ENCABEZAMIENTO DE MATERIA--TEMÁTICO
Término temático o nombre geográfico como elemento de entrada Ciudades y pueblos
Subdivisión geográfica República Dominicana
651 #4 - ENCABEZAMIENTO DE MATERIA--NOMBRE GEOGRÁFICO
Nombre geográfico Baní (República Dominicana)
Subdivisión temática general Historia local
651 #4 - ENCABEZAMIENTO DE MATERIA--NOMBRE GEOGRÁFICO
Nombre geográfico Baní (República Dominicana)
Subdivisión temática general Vida social y costumbres
651 #4 - ENCABEZAMIENTO DE MATERIA--NOMBRE GEOGRÁFICO
Nombre geográfico Baní (República Dominicana)
Subdivisión temática general Vida religiosa y costumbres
910 ## - VALIDACIÓN
Validación VMateo V.
942 ## - ADDED ENTRY ELEMENTS (KOHA)
Source of classification or shelving scheme Dewey Decimal Classification
Koha item type Libros
Existencias
Withdrawn status Lost status Source of classification or shelving scheme Damaged status Not for loan Collection code Home library Current library Date acquired Source of acquisition Total Checkouts Full call number Barcode Date last seen Price effective from Koha item type
    Dewey Decimal Classification     Colección Dominicana Biblioteca Pública Metropolitana Salomé Ureña Biblioteca Pública Metropolitana Salomé Ureña 07/21/2021 Manuel Ortiz   BPMSU CD 972.9373 C183b 1992 BPMSU21070034 07/21/2021 07/21/2021 Libros